Công nghệ đường mía
Giới thiệu các khâu trong quy trình sản xuất đường hiện đại như thu nhận và xử lý dịch nước mía, làm sạch nước mía, quá trình bốc hơi nước mía, nấu đường và chế luyện đường. Một số tính toán cân bằng vật chất, cân bằng nhiệt v...
Đã lưu trong:
| 主要作者: | |
|---|---|
| 格式: | 图书 |
| 语言: | Undetermined |
| 出版: |
Hà Nội
Bách khoa Hà Nội
2011
|
| 主题: | |
| 标签: |
添加标签
没有标签, 成为第一个标记此记录!
|
| Thư viện lưu trữ: | Trung tâm Học liệu Trường Đại học Cần Thơ |
|---|
| LEADER | 01025nam a2200205Ia 4500 | ||
|---|---|---|---|
| 001 | CTU_176347 | ||
| 008 | 210402s9999 xx 000 0 und d | ||
| 020 | |c 70000 | ||
| 082 | |a 664.15 | ||
| 082 | |b Ng450 | ||
| 100 | |a Nguyễn, Ngộ | ||
| 245 | 0 | |a Công nghệ đường mía | |
| 245 | 0 | |c Nguyễn Ngộ | |
| 260 | |a Hà Nội | ||
| 260 | |b Bách khoa Hà Nội | ||
| 260 | |c 2011 | ||
| 520 | |a Giới thiệu các khâu trong quy trình sản xuất đường hiện đại như thu nhận và xử lý dịch nước mía, làm sạch nước mía, quá trình bốc hơi nước mía, nấu đường và chế luyện đường. Một số tính toán cân bằng vật chất, cân bằng nhiệt và cân bằng nước trong sản xuất đường mía | ||
| 650 | |a Sản xuất đường mía,Sugarcane production | ||
| 910 | |a Nguyên | ||
| 980 | |a Trung tâm Học liệu Trường Đại học Cần Thơ | ||